000
00328nam a22001457a 4500
008
210426b ||||| |||| 00| 0 eng d
020
_a
9780673525017
041
_a
eng
080
_a
32
082
_a
32
100
_a
20
101
_a
SHP
245
_a
War, Peace, and International Politics
_c
Ziegler,D.W
942
_2
udc
_c
BK
999
_c
56749
_d
56749